[Event "Open Semana Santa 2023"]
[Site "?"]
[Date "2023.04.07"]
[Round "4.206"]
[White "Priakhin, Nikita"]
[Black "Serrano Requena, Guillem"]
[Result "1/2-1/2"]
[WhiteElo "1342"]
[BlackElo "1563"]
[PlyCount "78"]

1. c4 f5 2. g3 Nf6 3. Bg2 e6 4. d4 c6 5. Nc3 d5 6. c5 Be7 7. Nf3 O-O 8. Ne5
Nbd7 9. Bf4 Nxe5 10. Bxe5 Nd7 11. Bf4 Nf6 12. O-O Ne4 13. Nxe4 fxe4 14. e3 Qe8
15. Be5 b6 16. b4 bxc5 17. dxc5 Ba6 18. Re1 Qf7 19. Qd2 Bf6 20. Bxf6 Qxf6 21.
Rab1 Bd3 22. Rb2 Rfb8 23. Bf1 d4 24. Bxd3 dxe3 25. Rxe3 exd3 26. Rxd3 Rd8 27.
Rbb3 h5 28. Rxd8+ Rxd8 29. Rd3 Qa1+ 30. Kg2 Rxd3 31. Qxd3 Qxa2 32. Qe4 Qd5 33.
Qxd5 exd5 34. Kf3 Kf7 35. Ke3 Kf6 36. Kd4 a6 37. h3 Kf5 38. Ke3 g5 39. Kd4 g4
1/2-1/2

[Event "Open Semana Santa 2023"]
[Site "?"]
[Date "2023.04.07"]
[Round "4.207"]
[White "Sharma Siri"]
[Black "Ortega Sanchez Montanez, Marcos"]
[Result "1/2-1/2"]
[WhiteElo "1336"]
[BlackElo "1538"]
[PlyCount "73"]

1. e4 c6 2. d3 d5 3. Nd2 e5 4. g3 Nf6 5. Bg2 Be6 6. Ngf3 Bd6 7. O-O h6 8. Re1
Nbd7 9. c3 Qc7 10. Nf1 dxe4 11. dxe4 Ng4 12. h3 Ngf6 13. Be3 Nxe4 14. Nxe5 Nxf2
15. Bxf2 Bxe5 16. Qe2 O-O 17. Rad1 Rfe8 18. c4 Bf6 19. b3 Bc3 20. Nd2 Nf6 21.
Qd3 Qa5 22. Re3 Bxd2 23. Qxd2 Qxd2 24. Rxd2 Rad8 25. Red3 Rxd3 26. Rxd3 Bf5 27.
Rd2 a6 28. Kh2 Kh7 29. g4 Be4 30. Bf1 Bg6 31. Bg2 Re7 32. Bb6 Rd7 33. Re2 Bd3
34. Re3 Bb1 35. Re2 Bd3 36. Re3 Bb1 37. Re2 1/2-1/2

[Event "Open Semana Santa 2023"]
[Site "?"]
[Date "2023.04.07"]
[Round "4.208"]
[White "Valverde Lopez, Francisco Leopol"]
[Black "Tomas Amoros, Borja"]
[Result "1-0"]
[WhiteElo "1525"]
[BlackElo "1147"]
[PlyCount "104"]

1. e4 e5 2. Nf3 d6 3. Bc4 h6 4. d4 exd4 5. Nxd4 Bd7 6. O-O Nf6 7. Nc3 Be7 8.
Nf5 Kf8 9. Nxe7 Qxe7 10. Bf4 Nc6 11. Re1 Ne5 12. Bb3 Bc6 13. Bg3 g5 14. a4 h5
15. h4 g4 16. Nd5 Bxd5 17. exd5 Nfd7 18. Qd4 f6 19. Qc3 Nc5 20. Bc4 Qg7 21. Bf1
Rc8 22. b4 Ncd7 23. Re3 a6 24. a5 Qg6 25. Rae1 Rg8 26. Bf4 Rg7 27. Kh1 f5 28.
Bg5 Nf6 29. f4 gxf3 30. gxf3 Nfd7 31. f4 Ng4 32. Re6 Qh7 33. Rxd6 Nf2+ 34. Kh2
Ne4 35. Rxe4 fxe4 36. Bh6 cxd6 37. Qxc8+ Ke7 38. Bxg7 Qxg7 39. Bh3 Nf6 40. Qc7+
Kf8 41. Qxd6+ Kg8 42. Qd8+ Kh7 43. Bf5+ Kh6 44. Qd6 Qf7 45. Bxe4 Kg7 46. Qe5
Kf8 47. Bf5 Nxd5 48. c3 Ne7 49. Be6 Qg7 50. Qb8+ Nc8 51. Qxc8+ Ke7 52. Qd7+ Kf6
1-0

[Event "Open Semana Santa 2023"]
[Site "?"]
[Date "2023.04.07"]
[Round "4.210"]
[White "Jaglinski, Aleksander"]
[Black "Agullo Valcarcel, Carlos"]
[Result "0-1"]
[WhiteElo "1301"]
[BlackElo "1506"]
[PlyCount "104"]
[EventDate "2023.??.??"]

1. e4 Nf6 2. e5 Nd5 3. c4 Nb6 4. d4 d6 5. exd6 cxd6 6. Nf3 e6 7. Be2 Be7 8. O-O
O-O 9. b3 Nc6 10. Bb2 d5 11. c5 Nd7 12. a3 a6 13. b4 b5 14. Ne5 Ndxe5 15. dxe5
f6 16. f4 f5 17. Nd2 Bd7 18. Nb3 Rb8 19. Nd4 a5 20. Nxc6 Bxc6 21. Qb3 a4 22.
Qd3 Rb7 23. Bd4 Kh8 24. Kf2 g5 25. g3 gxf4 26. gxf4 Bh4+ 27. Ke3 Rg7 28. Rg1
Rfg8 29. Kd2 Rxg1 30. Rxg1 Rxg1 31. Bxg1 Qg8 32. Bd4 Qg2 33. h3 Qh1 34. Bf1
Qh2+ 35. Kd1 Qxf4 36. Be2 Bg5 37. Qc3 Kg7 38. Ke1 Qc1+ 39. Qxc1 Bxc1 40. Kd1
Bg5 41. Bf2 Bf4 42. Kc2 Kg6 43. h4 Bxe5 44. h5+ Kg5 45. Be3+ Bf4 46. Bf2 h6 47.
Bf3 e5 48. Be2 Bh2 49. Be3+ f4 50. Bf2 e4 51. Kc3 f3 52. Bf1 Be5+ 0-1

[Event "Open Semana Santa 2023"]
[Site "?"]
[Date "2023.04.07"]
[Round "4.212"]
[White "Arana Rodriguez, Marlon Uriel"]
[Black "Marin Giner, Gustavo"]
[Result "0-1"]
[WhiteElo "1183"]
[BlackElo "1449"]
[PlyCount "77"]

1. e4 e5 2. d4 exd4 3. c3 Qe7 4. Bd3 d5 5. Qe2 dxe4 6. Qxe4 Qxe4+ 7. Bxe4 Nf6
8. Bc2 dxc3 9. Nxc3 Bb4 10. Bd2 O-O 11. O-O-O Be6 12. f3 Nc6 13. Nge2 a6 14. g4
Rfd8 15. g5 Nd5 16. g6 hxg6 17. h4 Nxc3 18. bxc3 Ba3+ 19. Kb1 Rd5 20. c4 Rd7
21. Nf4 Bxc4 22. Bc3 Rxd1+ 23. Rxd1 Rd8 24. Re1 Bb4 25. Bxb4 Nxb4 26. Re7 Bxa2+
27. Ka1 Nxc2+ 28. Kxa2 Nb4+ 29. Kb3 Nd5 30. Nxd5 Rxd5 31. Kc4 Rd1 32. Kb3 Rc1
33. Kb2 Rc6 34. Re8+ Kh7 35. Re1 Kh6 36. Re7 f6 37. Re8 g5 38. h5 Kxh5 39. Rh8+
0-1

[Event "Open Semana Santa 2023"]
[Site "?"]
[Date "2023.04.07"]
[Round "4.214"]
[White "Ainsa Garus, Carlos"]
[Black "Rouiller, Leonard"]
[Result "0-1"]
[WhiteElo "1247"]
[BlackElo "1573"]
[PlyCount "60"]

1. e4 e5 2. Nf3 Nc6 3. Bb5 a6 4. Ba4 Nf6 5. Qe2 b5 6. Bb3 d6 7. c3 Be7 8. O-O
O-O 9. h3 Na5 10. Bc2 c5 11. Rd1 c4 12. b3 Bb7 13. bxc4 Nxc4 14. Na3 Nb6 15. d4
Qc7 16. Nb1 Rac8 17. Qe3 Nc4 18. Qd3 Bxe4 19. Qe2 Bxc2 20. Qxc2 e4 21. Nfd2 d5
22. Nxc4 Qxc4 23. Re1 Rfe8 24. Bf4 Qxd4 25. Be3 Qe5 26. Bd4 Qxd4 27. Re3 Qe5
28. Nd2 Bc5 29. Nf3 Qf4 30. Nd4 Bxd4 0-1

[Event "Open Semana Santa 2023"]
[Site "?"]
[Date "2023.04.07"]
[Round "4.215"]
[White "GM Suba, Mihai"]
[Black "Advaitt Srikant Koduri"]
[Result "0-1"]
[WhiteElo "1974"]
[BlackElo "1630"]
[PlyCount "64"]

1. d4 Nf6 2. Nf3 d5 3. c4 c6 4. cxd5 cxd5 5. Bf4 Nc6 6. e3 e6 7. Nc3 Bd6 8. Bg3
O-O 9. Bd3 a6 10. Rc1 Na5 11. Ne5 b5 12. O-O Bb7 13. Qe2 Ne4 14. Rfd1 Nxg3 15.
hxg3 Bxe5 16. dxe5 Qg5 17. Qe1 Qxe5 18. Nxd5 Bxd5 19. Qxa5 Qxb2 20. Rc2 Qf6 21.
e4 Bb7 22. Qc7 Rab8 23. e5 Qg5 24. Rdc1 g6 25. Rc5 h5 26. Bf1 Kg7 27. Qa5 Rh8
28. a3 h4 29. Qc3 Rh6 30. gxh4 Qxh4 31. Qh3 Qf4 32. Qg3 Rbh8 0-1

[Event "Open Semana Santa 2023"]
[Site "?"]
[Date "2023.04.07"]
[Round "4.216"]
[White "Gil Martin, Sara"]
[Black "Sanchez Villodres, Mario"]
[Result "0-1"]
[WhiteElo "1226"]
[BlackElo "1538"]
[PlyCount "66"]
[EventDate "2023.??.??"]

1. e4 e6 2. d4 d5 3. e5 c5 4. c3 Qb6 5. Nf3 Nc6 6. Be2 Bd7 7. O-O cxd4 8. cxd4
Nge7 9. b3 Nf5 10. Bb2 Be7 11. Qd3 a6 12. Rd1 O-O 13. Na3 Rac8 14. Nc2 Nb4 15.
Nxb4 Bxb4 16. Bf1 Qd8 17. a4 b5 18. axb5 Bxb5 19. Qb1 Bxf1 20. Kxf1 a5 21. Ba3
Nh4 22. Bxb4 axb4 23. Rd3 Rc3 24. Rxc3 bxc3 25. Qd3 Nxf3 26. Qxf3 Qc7 27. Rc1
Rc8 28. Ke2 Qa5 29. Kd3 Qb4 30. Qd1 c2 31. Rxc2 Qxb3+ 32. Kd2 Qb4+ 33. Kc1 Ra8
0-1

[Event "Open Semana Santa 2023"]
[Site "?"]
[Date "2023.04.07"]
[Round "4.217"]
[White "Garcia Solbes, Juan Felipe"]
[Black "Diriavka, Emma"]
[Result "0-1"]
[WhiteElo "1365"]
[BlackElo "1216"]
[PlyCount "124"]

1. e4 c6 2. d4 d5 3. exd5 cxd5 4. Nf3 Bg4 5. h3 Bh5 6. Be2 Nf6 7. Nc3 e6 8. O-O
Bd6 9. a3 O-O 10. Be3 Nc6 11. Qd2 a6 12. Rfe1 Bc7 13. Bf4 Bb6 14. Be3 Qe7 15.
Ne5 Bxe2 16. Nxc6 bxc6 17. Rxe2 Rab8 18. b3 Nh5 19. g4 Nf6 20. Bg5 Bd8 21. Qf4
Rc8 22. Bxf6 Qxf6 23. Qxf6 Bxf6 24. Rd2 c5 25. Ne2 h6 26. Ra2 cxd4 27. Nxd4 Rc3
28. Kg2 Rfc8 29. Ne2 R3c7 30. f3 Bg5 31. f4 Bf6 32. Kf3 Bc3 33. Nxc3 Rxc3+ 34.
Kg2 Kf8 35. f5 Ke7 36. fxe6 fxe6 37. h4 Kd6 38. Rf2 R8c7 39. g5 hxg5 40. hxg5
e5 41. b4 d4 42. g6 Re7 43. Kf1 Rg3 44. Rg2 Rxg2 45. Kxg2 Re6 46. a4 Rxg6+ 47.
Kf3 Kd5 48. b5 axb5 49. a5 Ra6 50. Ra3 e4+ 51. Ke2 g5 52. Rg3 Rxa5 53. Rxg5+
Kc4 54. Rg3 Ra2 55. Kd1 d3 56. cxd3+ exd3 57. Rg8 b4 58. Rc8+ Kb3 59. Rd8 Kc3
60. Rc8+ Kb2 61. Rb8 b3 62. Rd8 Ka1 0-1

[Event "Open Semana Santa 2023"]
[Site "?"]
[Date "2023.04.07"]
[Round "4.218"]
[White "Hidalgo Mena, Manel"]
[Black "Dimitrov Garcia, Dimitri Ivaylov"]
[Result "1-0"]
[WhiteElo "1362"]
[BlackElo "1175"]
[PlyCount "76"]

1. e4 c5 2. Nf3 Nc6 3. g3 e6 4. d3 d5 5. e5 g6 6. c3 d4 7. Bg2 Bg7 8. O-O Nxe5
9. Re1 Nc6 10. Bf4 Nge7 11. c4 O-O 12. Nbd2 Nb4 13. Ne4 b6 14. a3 Nbc6 15. Qd2
Nf5 16. Bg5 f6 17. g4 fxg5 18. gxf5 exf5 19. Nexg5 Na5 20. Qf4 h6 21. Ne6 Bxe6
22. Rxe6 g5 23. Qg3 Qd7 24. Rae1 Rfe8 25. R6e2 Rxe2 26. Rxe2 f4 27. Qh3 g4 28.
Qh4 gxf3 29. Re7 Qf5 30. Bxf3 Bf6 31. Bd5+ Kf8 32. Rf7+ Ke8 33. Rxf6 Qc8 34.
Re6+ Qxe6 35. Bxe6 Rd8 36. Qf6 Rd6 37. Qf7+ Kd8 38. Qf8+ Kc7 1-0

[Event "Open Semana Santa 2023"]
[Site "?"]
[Date "2023.04.07"]
[Round "4.219"]
[White "Harouat, Alexander"]
[Black "Melero Fernandez, Jose M"]
[Result "1-0"]
[WhiteElo "1133"]
[BlackElo "1356"]
[PlyCount "55"]

1. e4 c5 2. Nf3 d6 3. Bc4 e6 4. Nc3 g6 5. O-O Bg7 6. d4 cxd4 7. Nxd4 Ne7 8. Bg5
O-O 9. Qd2 Nbc6 10. Ncb5 a6 11. Nxc6 bxc6 12. Nxd6 Qc7 13. Qf4 h6 14. Nf5 Be5
15. Nxe7+ Kh7 16. Qh4 h5 17. Nxc8 Raxc8 18. Bf6 Bd6 19. g4 Rg8 20. Kh1 Rce8 21.
Rg1 Be7 22. e5 Bxf6 23. exf6 Qe5 24. Bd3 Qf4 25. Qxh5+ Qh6 26. Qxh6+ Kxh6 27.
g5+ Kh7 28. Rg3 1-0

[Event "Open Semana Santa 2023"]
[Site "?"]
[Date "2023.04.07"]
[Round "4.220"]
[White "Perea Fruet, Alba"]
[Black "Garcia Castany, Jose"]
[Result "1-0"]
[WhiteElo "1127"]
[BlackElo "1354"]
[PlyCount "74"]

1. d4 d5 2. Nf3 e6 3. e3 Nf6 4. Bd3 c5 5. O-O Nc6 6. b3 cxd4 7. exd4 Bd6 8. Bb2
O-O 9. Nbd2 b6 10. Ne5 Bb7 11. a3 Ne8 12. Qh5 Nf6 13. Qe2 Qe7 14. Ndf3 Rac8 15.
Rfe1 Qc7 16. Rec1 Ne7 17. b4 Kh8 18. Ng5 Kg8 19. Ngf3 Ne4 20. Qe1 f5 21. Nd2
Rf6 22. f3 Ng5 23. Qe2 Nf7 24. Re1 Ng6 25. Rac1 Nf4 26. Qe3 Ng6 27. Nb3 Nd8 28.
c4 Bxe5 29. dxe5 Rf8 30. cxd5 Qb8 31. d6 Bd5 32. Nd4 Nf7 33. Nb5 f4 34. Qe2 Bc6
35. Qd2 Bd7 36. Nc7 Nh6 37. Bb5 Nf5 1-0

[Event "Open Semana Santa 2023"]
[Site "?"]
[Date "2023.04.07"]
[Round "4.221"]
[White "Santos Anton, Armando"]
[Black "Beneyto De Ramon, Jaime"]
[Result "1/2-1/2"]
[WhiteElo "1353"]
[BlackElo "1070"]
[PlyCount "51"]

1. e4 e5 2. Nf3 Nc6 3. Bc4 Bc5 4. O-O Nf6 5. Nc3 d6 6. h3 O-O 7. a3 a5 8. Ba2
Be6 9. Bxe6 fxe6 10. d3 d5 11. Ng5 Qd7 12. exd5 exd5 13. Rb1 Rae8 14. b4 axb4
15. axb4 Bxb4 16. Na2 Bc5 17. Rxb7 Rb8 18. Rxb8 Rxb8 19. Nc3 Re8 20. Kh1 Qe7
21. Nf3 e4 22. dxe4 dxe4 23. Nh2 e3 24. fxe3 Bxe3 25. Re1 Qc5 26. Na4 1/2-1/2

[Event "Open Semana Santa 2023"]
[Site "?"]
[Date "2023.04.07"]
[Round "4.222"]
[White "Gonzalez Bolado, David"]
[Black "Munoz Martinez, Francisco"]
[Result "0-1"]
[WhiteElo "1344"]
[BlackElo "1069"]
[PlyCount "60"]

1. e4 e5 2. Nf3 Nc6 3. Bc4 Nf6 4. d3 Bb4+ 5. c3 Ba5 6. O-O a6 7. Bb3 O-O 8.
Nbd2 d6 9. Re1 Bb6 10. h3 Nh5 11. Nf1 Qf6 12. g4 Qg6 13. Be3 Bxg4 14. hxg4
Qxg4+ 15. Ng3 Bxe3 16. fxe3 Qxg3+ 17. Kf1 Qh3+ 18. Kg1 Ng3 19. Nh2 Qh6 20. Qg4
Nh5 21. d4 Nf6 22. Qf3 Qg6+ 23. Kf2 Nxe4+ 24. Ke2 Ng3+ 25. Kf2 Ne4+ 26. Ke2
exd4 27. exd4 Rae8 28. Kd1 Ng5 29. Qg3 Rxe1+ 30. Qxe1 Qh5+ 0-1

[Event "Open Semana Santa 2023"]
[Site "?"]
[Date "2023.04.07"]
[Round "4.223"]
[White "Kuzmin, Rolan"]
[Black "Taquet, Eric"]
[Result "0-1"]
[WhiteElo "1024"]
[BlackElo "1344"]
[PlyCount "82"]

1. e4 e5 2. Nf3 Nc6 3. Bb5 f5 4. d3 fxe4 5. dxe4 Nf6 6. Nc3 Bb4 7. Bd2 d6 8. a3
Bxc3 9. Bxc3 Nxe4 10. O-O O-O 11. Re1 Nxc3 12. bxc3 Bg4 13. Be2 Qf6 14. h3 Be6
15. Rb1 e4 16. Rxb7 exf3 17. Bxf3 Ne5 18. Re3 Nxf3+ 19. Rxf3 Qg6 20. Rxc7 Rxf3
21. Qxf3 Rf8 22. Qg3 Qf6 23. f3 Bf5 24. f4 Bxc2 25. Qg5 Qxg5 26. fxg5 a5 27.
Rd7 Rf5 28. g6 hxg6 29. Rxd6 Rf6 30. Rd2 Bb3 31. Rf2 Kf7 32. Re2 Re6 33. Kf1
Bc4 34. Ke1 Rxe2+ 35. Kd1 Rxg2 36. h4 Ke6 37. h5 gxh5 38. a4 h4 39. Ke1 h3 40.
Kd1 h2 41. Kc1 h1=R# 0-1

[Event "Open Semana Santa 2023"]
[Site "?"]
[Date "2023.04.07"]
[Round "4.224"]
[White "Garcia Vives, Mireia"]
[Black "Anton Ortiz, Javier"]
[Result "1/2-1/2"]
[WhiteElo "1003"]
[BlackElo "1332"]
[PlyCount "52"]

1. e4 e5 2. Nf3 Nc6 3. Bc4 Bc5 4. O-O Nf6 5. d4 Bxd4 6. Nxd4 Nxd4 7. Bg5 b5 8.
f4 d6 9. Bd5 c6 10. fxe5 dxe5 11. c3 cxd5 12. cxd4 dxe4 13. dxe5 Qxd1 14. Rxd1
Bg4 15. Rd4 Nd7 16. Rxe4 Be6 17. Nc3 a6 18. Rd1 O-O 19. Nd5 Bxd5 20. Rxd5 Nb6
21. Rd1 Na4 22. Rd2 Nc5 23. Red4 Ne6 24. Rg4 Nxg5 25. Rxg5 f6 26. exf6 Rxf6
1/2-1/2

[Event "Open Semana Santa 2023"]
[Site "?"]
[Date "2023.04.07"]
[Round "5.1"]
[White "IM Murphy, Conor E"]
[Black "GM Mendonca, Leon Luke"]
[Result "1/2-1/2"]
[WhiteElo "2450"]
[BlackElo "2596"]
[Annotator "Usuario"]
[PlyCount "203"]
[EventDate "2023.??.??"]

1. e4 c5 2. Nf3 d6 3. Bb5+ Nd7 4. O-O a6 5. Bd3 Ngf6 6. Re1 e6 7. c3 b5 8. a4
c4 9. Bf1 Bb7 10. axb5 axb5 11. Rxa8 Qxa8 12. Na3 Bxe4 13. Nxb5 Bxf3 14. gxf3
Qc6 15. Qa4 d5 16. d3 Bc5 17. dxc4 dxc4 18. Qxc4 Qxf3 19. Be3 Qg4+ 20. Qxg4
Nxg4 21. Bxc5 Nxc5 22. b4 Nd7 23. c4 Ke7 $11 24. c5 Nde5 25. Ra1 Rb8 26. Ra7+
Kf6 27. Ra6 Nf3+ 28. Kg2 Ne1+ 29. Kg3 Nh6 30. c6 Nf5+ 31. Kf4 Nc2 32. c7 Rc8
33. Ra4 Ncd4 34. Ra7 Nc6 35. Rb7 Nxb4 36. Bc4 Na6 37. Na7 Rxc7 38. Bxa6 Rc3 39.
Nb5 Rh3 40. Rd7 Rxh2 41. Kf3 Rh3+ 42. Kg2 Rb3 43. Nd4 Nxd4 44. Rxd4 g6 45. Rf4+
Kg7 46. Bc8 $11 Rc3 47. Bd7 Rc7 48. Be8 Re7 49. Bb5 Ra7 50. Rd4 Ra5 51. Rb4 h6
52. Kg3 Ra3+ 53. Kg2 Ra7 54. Rd4 Ra5 55. Rb4 Ra8 56. Rd4 Rb8 57. Ba4 g5 58. Bd1
Kg6 59. Bc2+ f5 60. Rd6 Kf6 61. Bd3 Rb4 62. Rc6 Rg4+ 63. Kh2 Rh4+ 64. Kg2 Rg4+
65. Kh2 Rf4 66. Kg2 h5 67. Bc4 Rg4+ 68. Kf1 Re4 69. f3 Re5 70. Rc8 g4 71. fxg4
hxg4 72. Kf2 Re4 73. Bd3 Rf4+ 74. Ke3 Rf3+ 75. Ke2 Rf4 76. Ke3 Rb4 77. Bc4 e5
78. Rf8+ Kg5 79. Be6 f4+ 80. Kf2 g3+ 81. Kf1 Rb1+ 82. Kg2 Rb2+ 83. Kg1 Re2 84.
Rf5+ Kg6 85. Rf8 Rd2 86. Bc8 Rb2 87. Bd7 Re2 88. Bc8 Kg5 89. Rf5+ Kh6 90. Rf6+
Kg7 91. Rf5 Kg6 92. Rf8 Rf2 93. Bb7 Kg5 94. Be4 Re2 95. Rf5+ Kg4 96. Rxe5 Re1+
97. Kg2 Re2+ 98. Kg1 f3 99. Bxf3+ Kxf3 100. Rxe2 Kxe2 101. Kg2 Kd2 102. Kxg3
1/2-1/2

[Event "Open Semana Santa 2023"]
[Site "?"]
[Date "2023.04.07"]
[Round "5.2"]
[White "IM Garcia Ramos, Daniel"]
[Black "GM Postny, Evgeny"]
[Result "0-1"]
[WhiteElo "2442"]
[BlackElo "2548"]
[PlyCount "116"]

1. e4 e5 2. Nf3 Nc6 3. Bc4 Nf6 4. d3 Bc5 5. c3 d6 6. O-O h6 7. Nbd2 O-O 8. h3
a5 9. Re1 Ba7 10. Nf1 Ne7 11. Ng3 Ng6 12. Bb3 Re8 13. d4 Bd7 14. Bc2 Bc6 15.
Be3 Qe7 16. Qd2 Qf8 17. c4 exd4 18. Bxd4 Ne5 19. Bxa7 Rxa7 20. Qd4 Raa8 21. Nd2
Ng6 22. Nf5 Re6 23. Re3 Qb8 24. Qc3 Qa7 25. Rae1 Bd7 26. Nf3 Qc5 27. e5 dxe5
28. Nxe5 Nxe5 29. Rxe5 Qb4 30. Qxb4 axb4 31. Bb3 c5 32. Ne7+ Kf8 33. Ng6+ fxg6
34. Rxe6 Bxe6 35. Rxe6 Ra6 36. Re5 Nd7 37. Rd5 Ke7 38. f4 Rd6 39. Rxd6 Kxd6 40.
Kf2 g5 41. Ke3 Ke6 42. fxg5 hxg5 43. Bd1 Ke5 44. Bf3 b6 45. Bb7 Nf6 46. Bc6 Nh5
47. Bb7 Nf4 48. Ba8 Ne6 49. Bb7 Nd4 50. Be4 Ne2 51. Kxe2 Kxe4 52. b3 Kf4 53.
Kf2 g4 54. g3+ Ke4 55. hxg4 Kd3 56. g5 Kc3 57. Ke3 Kb2 58. Ke4 Kxa2 0-1

[Event "Open Semana Santa 2023"]
[Site "?"]
[Date "2023.04.07"]
[Round "5.3"]
[White "IM Espinosa Aranda, Angel"]
[Black "GM Sosa, Tomas"]
[Result "0-1"]
[WhiteElo "2429"]
[BlackElo "2544"]
[Annotator "Usuario"]
[PlyCount "102"]

1. e4 e5 2. Nf3 d6 3. d4 exd4 4. Nxd4 Nf6 5. Nc3 Be7 6. Qf3 O-O 7. Nf5 Bxf5 8.
Qxf5 c6 9. Be3 b5 10. Bd3 Nbd7 11. O-O g6 12. Qh3 Ne5 13. Bd4 Nxd3 14. Qxd3 Re8
15. Rfe1 b4 16. Ne2 d5 17. exd5 $11 Qxd5 18. Nf4 Qd6 19. Be5 Qxd3 20. Nxd3 Nd7
21. Rad1 c5 22. Bf4 Nb6 23. Be3 Na4 24. b3 Nc3 25. Ra1 Bf6 26. Kf1 Nd5 27. Rad1
Nxe3+ 28. Rxe3 Rxe3 29. fxe3 Rc8 30. Nf4 Rc6 31. Rd7 Ra6 32. Rc7 Ra5 33. Ke2
Be5 34. Rc6 Kf8 35. Nd3 Bxh2 36. Nxc5 Ke7 37. Kf3 Rxa2 38. Nd3 Bd6 39. e4 f6
40. e5 fxe5 41. Ke4 Ra5 42. Rc8 Ke6 43. g4 Ra1 44. Re8+ Be7 45. Nxb4 Re1+ 46.
Kd3 Kf7 47. Rb8 e4+ 48. Kd2 Rg1 49. Nd5 Bg5+ 50. Ke2 Rg2+ 51. Kf1 Rxc2 0-1

[Event "Open Semana Santa 2023"]
[Site "?"]
[Date "2023.04.07"]
[Round "5.5"]
[White "GM Xu, Yi"]
[Black "IM Ajay Krishna, S."]
[Result "1/2-1/2"]
[WhiteElo "2505"]
[BlackElo "2382"]
[Annotator "Usuario"]
[PlyCount "35"]

1. e4 c5 2. Nf3 d6 3. d4 cxd4 4. Nxd4 Nf6 5. Nc3 a6 6. Be3 e5 7. Nb3 Be6 8. h3
Be7 9. f4 exf4 10. Bxf4 Nc6 11. Qe2 Nd7 12. O-O-O Nce5 13. Kb1 O-O 14. Qe3 Qc7
15. g4 Rfc8 16. Nd4 Nb6 17. Qg3 Nec4 18. Bxc4 $11 1/2-1/2

[Event "Open Semana Santa 2023"]
[Site "?"]
[Date "2023.04.07"]
[Round "5.6"]
[White "IM Fernandez Guillen, Ernesto J"]
[Black "IM Vega Gutierrez, Sabrina"]
[Result "1-0"]
[WhiteElo "2461"]
[BlackElo "2370"]
[PlyCount "133"]

1. e4 c5 2. Nf3 e6 3. Nc3 Nc6 4. Bb5 Nd4 5. Bc4 a6 6. a4 Nf6 7. Ba2 d5 8. exd5
exd5 9. Nxd4 cxd4 10. Ne2 d3 11. cxd3 Bg4 12. O-O Bd6 13. h3 Bh5 14. d4 O-O 15.
d3 Re8 16. Be3 Bb4 17. Rc1 Qd7 18. Bb3 a5 19. Qc2 Rac8 20. Nc3 Qf5 21. Qd2 Rc6
22. f3 Bg6 23. Bc2 Rec8 24. Bb1 h5 25. g4 Qd7 26. Bf4 Qd8 27. Qe1 Nd7 28. Bd2
Nf8 29. Qf2 Ne6 30. Kh1 hxg4 31. fxg4 Be7 32. Ne2 Bg5 33. Rxc6 Rxc6 34. Bc3 b6
35. Qg2 Nc7 36. Be1 Rf6 37. Bg3 Rxf1+ 38. Qxf1 Ne6 39. Qf2 Qd7 40. Nc3 Bf6 41.
Qg2 Bxd4 42. Qxd5 Qxd5+ 43. Nxd5 Kf8 44. b4 axb4 45. Bd6+ Ke8 46. Bxb4 Kd7 47.
Kg2 Bh7 48. h4 Kc6 49. Ne7+ Kd7 50. Nf5 Bxf5 51. gxf5 Nc5 52. Bc2 Kd6 53. Kf3
Ke5 54. Kg4 Nd7 55. Bb3 Kf6 56. Bc4 Nc5 57. Bb5 Ke5 58. Bd2 Nb3 59. Bf4+ Kf6
60. Bg5+ Ke5 61. f6 Kd5 62. Bf4 Kc5 63. Be3 g6 64. Bxd4+ Kxd4 65. Bc4 Nc5 66.
Bxf7 Ke5 67. Kg5 1-0

[Event "Open Semana Santa 2023"]
[Site "?"]
[Date "2023.04.07"]
[Round "5.7"]
[White "GM Moussard, Jules"]
[Black "IM Veiga, Jose Francisco R P N"]
[Result "1/2-1/2"]
[WhiteElo "2667"]
[BlackElo "2403"]
[PlyCount "160"]

1. e4 e5 2. Nf3 Nc6 3. Bc4 Bc5 4. O-O Nf6 5. d3 d6 6. c3 a6 7. a4 Ba7 8. Re1 h6
9. Nbd2 Nh5 10. Nf1 Qf6 11. Be3 Bg4 12. N1d2 Nf4 13. Bxa7 Rxa7 14. Re3 Ne7 15.
d4 g5 16. Bf1 Be6 17. a5 O-O 18. Kh1 g4 19. dxe5 dxe5 20. Ng1 Rd8 21. Qc2 Nfg6
22. Nc4 Raa8 23. Ree1 Rd7 24. Rad1 Rad8 25. Rxd7 Rxd7 26. Ne3 h5 27. g3 Kg7 28.
Bd3 Rd8 29. Qe2 Bc8 30. Rd1 Qg5 31. Bc2 Rxd1 32. Qxd1 Qf6 33. f3 Qg5 34. Qd2
Kh7 35. Qe2 f5 36. exf5 Nxf5 37. Nc4 Kg7 38. Qe4 Nfe7 39. Qe3 Qxe3 40. Nxe3 Kf6
41. Kg2 b6 42. axb6 cxb6 43. Kf2 Be6 44. fxg4 hxg4 45. Bd3 b5 46. Be4 Nh8 47.
Ne2 Nf7 48. Nc1 Nd6 49. Bc2 Nd5 50. Nxd5+ Bxd5 51. b4 Be4 52. Bd1 Bf5 53. Ke3
Nc4+ 54. Ke2 a5 55. bxa5 Nxa5 56. Na2 Nc4 57. Nb4 Be4 58. Kf2 Kf5 59. Be2 Na3
60. Ke3 Nb1 61. Na2 Na3 62. Bxg4+ Kxg4 63. Kxe4 Nc4 64. Nc1 Nd2+ 65. Kxe5 Nf3+
66. Kd5 Nxh2 67. Ne2 Kf3 68. Nd4+ Kxg3 69. Nxb5 Nf1 70. Ke4 Kg4 71. Nd6 Kg5 72.
Ke5 Ne3 73. Ke4 Nf1 74. Kf3 Kf6 75. Kf2 Ke5 76. Nc4+ Kd5 77. Nb6+ Kc6 78. Nc4
Kc5 79. Kxf1 Kxc4 80. Kg2 Kxc3 1/2-1/2

[Event "Open Semana Santa 2023"]
[Site "?"]
[Date "2023.04.07"]
[Round "5.8"]
[White "IM Ladron De Guevara Pinto, Paolo"]
[Black "GM Chigaev, Maksim"]
[Result "0-1"]
[WhiteElo "2403"]
[BlackElo "2617"]
[PlyCount "90"]

1. d4 Nf6 2. c4 e6 3. Nf3 b6 4. a3 Bb7 5. Nc3 d5 6. cxd5 Nxd5 7. e3 Be7 8. Bb5+
c6 9. Bd3 O-O 10. O-O Nd7 11. e4 Nxc3 12. bxc3 c5 13. Qe2 Qc7 14. Bb2 Nf6 15.
Rad1 Nh5 16. Bb1 Nf4 17. Qe3 Rfd8 18. Rfe1 Ng6 19. g3 Rac8 20. h4 h6 21. h5 Nf8
22. Ne5 Nh7 23. Ng4 b5 24. f4 a5 25. Kh2 c4 26. e5 Qc6 27. Rd2 Qf3 28. Qxf3
Bxf3 29. Ne3 Nf8 30. g4 Nd7 31. Kg3 Bb7 32. d5 exd5 33. Nxd5 Bxd5 34. Rxd5 Nc5
35. Red1 Na4 36. Ba1 Rxd5 37. Rxd5 Rb8 38. f5 Bxa3 39. e6 fxe6 40. fxe6 Be7 41.
Rd7 Kf8 42. Ra7 Nc5 43. Bf5 a4 44. Kf3 Nd3 45. Ke4 a3 0-1

[Event "Open Semana Santa 2023"]
[Site "?"]
[Date "2023.04.07"]
[Round "5.9"]
[White "IM Iermito, Sebastian"]
[Black "GM Cifuentes Parada, Roberto"]
[Result "1-0"]
[WhiteElo "2533"]
[BlackElo "2396"]
[PlyCount "55"]

1. e4 c5 2. Nf3 Nc6 3. d4 cxd4 4. Nxd4 g6 5. c4 Nf6 6. Nc3 Nxd4 7. Qxd4 d6 8.
Be3 Bg7 9. f3 O-O 10. Qd2 a6 11. Rc1 Be6 12. b3 Rc8 13. Be2 Qa5 14. O-O Kh8 15.
Kh1 Ng8 16. f4 f5 17. exf5 Bxf5 18. Bd4 Nf6 19. Qe3 Rfe8 20. Bf3 e5 21. fxe5
dxe5 22. Bb6 Qb4 23. Nd5 Nxd5 24. Bxd5 Qe7 25. h3 e4 26. Rce1 h5 27. Bd4 Rc7
28. Qh6# 1-0

[Event "Open Semana Santa 2023"]
[Site "?"]
[Date "2023.04.07"]
[Round "5.10"]
[White "IM Martin Duque, Jesus"]
[Black "GM Almeida Quintana, Omar"]
[Result "0-1"]
[WhiteElo "2386"]
[BlackElo "2526"]
[PlyCount "128"]

1. b3 Nf6 2. Bb2 d5 3. Nf3 g6 4. c4 dxc4 5. bxc4 Bg7 6. g3 b6 7. Bg2 Bb7 8. O-O
O-O 9. e3 c5 10. Qe2 Nc6 11. Rd1 Qc7 12. d4 cxd4 13. exd4 Na5 14. Na3 e6 15.
Rac1 Rfe8 16. Nb5 Qb8 17. Ba3 Rd8 18. Qe5 Qxe5 19. Nxe5 Bxg2 20. Kxg2 Ne8 21.
Be7 Rdc8 22. c5 bxc5 23. Bxc5 a6 24. Na7 Rc7 25. Bb6 Rcxa7 26. Bxa5 Nf6 27. Rb1
Nd5 28. Nc6 Rd7 29. Rdc1 Ne7 30. Nxe7+ Rxe7 31. Rc4 Rd7 32. Rbb4 h5 33. h4 Rd5
34. Ra4 Rb5 35. Bc7 Rb2 36. Rc6 Rc8 37. Rcc4 Bxd4 38. Rxd4 Rxc7 39. Rdb4 Rxb4
40. Rxb4 Rc5 41. Ra4 a5 42. Rd4 Kg7 43. Rd2 Rc3 44. Kf1 Kf6 45. Rb2 Ra3 46. Re2
e5 47. Rd2 Kf5 48. Re2 f6 49. Kg2 g5 50. hxg5 fxg5 51. Kh2 h4 52. gxh4 gxh4 53.
Kg2 Kf4 54. Kh2 a4 55. Kg2 e4 56. Rb2 h3+ 57. Kh2 Rf3 58. Kg1 a3 59. Rb4 Rc3
60. Ra4 Kf3 61. Kh2 Rd3 62. Kg1 e3 63. fxe3 Kxe3 64. Kh2 Kd2 0-1